00430nam a2200169Ia 4500008004100000020001800041050001400059100002300073245002900096245002600125260002400151260002600175260000900201300001500210300002500225300001000250180207s9999 xx 000 0 und d a9781426302923 bH466 2006 aHeiligman, Deborah aCelebrate thanksgiving / cby Deborah Heiligman. aWashington, D. C. : bNational Geographic,  c2006 a32 pages : bcolor illustration ; c25cm.